000 00734cam a2200193 4500
082 0 0 _a622.48
_bMIK
_cL-11, P-20
100 1 _aMikheev, I︠U︡riĭ Aleksandrovich.
_942058
245 1 4 _aThe mine electrical fitter,
_cby Y. Mikheyev and I. Faibisovich. Translated from the Russian by J. Feinberg. Edited by B. Kuznetsov.
260 _aMoscow,
_bPeace Publishers
_c[1965]
300 _a488 p.
_billus.
_c22 cm.
500 _aAdded t.p. in Russian.
500 _aTranslation of Ėlektroslesarʹ uchastka shakhty.
526 _a0
_b0
_c0
_d622_480000000000000_MIK
650 0 _aCoal-mining machinery.
_942059
650 0 _aElectricity in mining.
_942060
650 0 _aMCE
_9379
700 1 _aFaǐbisovich, I. L.,
_942061
942 _2ddc
_cBK
999 _c546049
_d546049